Strangers

Furkejuvvon:
Bibliográfalaš dieđut
Váldodahkki: Yamada, Taichi (Dahkki)
Materiálatiipa: Girji
Giella:eaŋgalasgiella
Almmustuhtton: Nueva York Vertical 2003
Fáttát:
Fáddágilkorat: Lasit fáddágilkoriid
Eai fáddágilkorat, Lasit vuosttaš fáddágilkora!

MARC

LEADER 00000nam a2200000 a 4500
001 UCL9737
003 CL-VaPUC
008 040820e20030000US |||||||||||||||||eng|d
020 |a 193223442X 
082 0 4 |a 895.603  |b YAM  |2 21 
100 0 |a Yamada, Taichi  |e author  |9 487645 
245 1 0 |a Strangers 
300 |a 203 p 
942 |c BK 
945 |d 20040820 00:00:00  |a cmena 
260 |a Nueva York  |b Vertical  |c 2003 
650 7 |a NOVELAS JAPONESAS  |2 CL-VaPUC  |9 487646 
650 0 |a Literatura japonesa  |9 266543 
583 |a last modification  |c 20040820 00:00:00  |k Rodrigo Vera 
999 |c 310425  |d 310423 
952 |0 0  |1 0  |4 0  |6 895_603000000000000_YAM_2003  |7 0  |8 A  |9 378839  |a BIBGIM  |b BIBGIM  |d 2019-11-21  |i 4034635  |o 895.603 YAM 2003  |p 4034635  |r 2025-01-15  |w 2019-11-21  |y BK  |k ORI